000 00461nam a2200133Ia 4500
008 220217s9999 xx 000 0 und d
100 _aPerumal Pillai, S.
245 2 _aA Comparative study of yield performance of two important clones of rubber - RRII 105 and RRIM 600 in Mooply valley of Thrissur district
260 _bKerala Agricultural University
_a Thrissur
_c1992
300 _a51
500 _aCourse: PGDNRP
700 _aDr AON Panikkar
942 _cTS
999 _c74263
_d74263